| 000 | 00320nam a22000977a 4500 | ||
|---|---|---|---|
| 999 |
_c7665 _d7665 |
||
| 005 | 20190225094216.0 | ||
| 008 | 190225b ||||| |||| 00| 0 eng d | ||
| 245 |
_aReports ; _bThe giving environment : another perspectives on the economic system of gatherer- hunters |
||
| 300 |
_a189- 196 p. _c27 cm. |
||
| 942 |
_2ddc _cPERIODICAL |
||